Kapitanowie Drużyn na Euro 2024 - Statystyki

Ogólne statystyki
  • Ten quiz został rozwiązany 277 razy
  • Średni wynik to 16 z 24
Statystyki odpowiedzi
Kraj Pozycja Kapitan % Poprawnych
Polska N Robert Lewandowski
99%
Portugalia N Cristiano Ronaldo
95%
Włochy BR Gianluigi Donnarumma
93%
Anglia N Harry Kane
92%
Francja N Kylian Mbappe
92%
Chorwacja ŚP Luka Modric
92%
Hiszpania N Alvaro Morata
89%
Holandia ŚO Virgil Van Dijk
89%
Belgia ŚPO Kevin De Bruyne
85%
Słowenia BR Jan Oblak
82%
Szkocja LO Andrew Robertson
80%
Austria* ŚO David Alaba
72%
Szwajcaria ŚP Granit Xhaka
69%
Węgry ŚPO Dominik Szoboszlai
65%
Niemcy ŚP Ilkay Gundogan
60%
Czechy ŚPD Tomas Soucek
54%
Dania ŚO Simon Kjaer
53%
Słowacja ŚO Milan Skriniar
51%
Turcja ŚPO Hakan Calhanoglu
44%
Serbia ŚPO Dusan Tadic
41%
Ukraina LO Oleksandr Zinczenko
31%
Rumunia ŚPO Nicolae Stanciu
30%
Albania ŚO Berat Djimsiti
18%
Gruzja ŚO Guram Kashia
10%
Nie znaleziono quizów pasujących do podanych kryteriów
Rozkład punktacji
Procent ludzi z każdym wynikiem
Percentyl według liczby udzielonych odpowiedzi
Twoja historia wyników
Nie rozwiązałeś tego quizu